Topica. Principios de Derecho y Máximas Jurídicas Latinas.
Saved in:
| Hovedforfatter: | |
|---|---|
| Andre forfattere: | |
| Format: | Bog |
| Sprog: | engelsk |
| Udgivet: |
Santiago de Compostela, España:
Arcana Veri,
2001.
|
| Fag: | |
| Tags: |
Tilføj Tag
Ingen Tags, Vær først til at tagge denne postø!
|
MARC
| LEADER | 00000nam a22000007a 4500 | ||
|---|---|---|---|
| 003 | CL-VaPUC | ||
| 005 | 20220822114518.0 | ||
| 008 | 220623b2001 ||||| |||| 00| 0 eng d | ||
| 999 | |c 436250 |d 436248 | ||
| 020 | |a 84-88908-14-8 | ||
| 040 | |c Pontificia Universidad Católica de Valparaíso | ||
| 082 | 7 | |a 340.54 PER 2001 |2 22 | |
| 100 | 1 | |a Pereira-Menaut, Gerardo |e autor |9 871282 | |
| 245 | |a Topica. |b Principios de Derecho y Máximas Jurídicas Latinas. | ||
| 260 | |a Santiago de Compostela, España: |b Arcana Veri, |c 2001. | ||
| 300 | |a 431 páginas. | ||
| 500 | |a c.1 Donación Familia Prof. Alejandro Guzmán Brito. | ||
| 583 | |c 20220623 |k Catalogador Asistente | ||
| 650 | |a Derecho romano |x Términos |9 871511 | ||
| 650 | |a Derecho |x Máximas y aforismos latinos |9 871512 | ||
| 700 | |a López-Felpeto Paz, Paz |e colaboradora |9 871283 | ||
| 942 | |2 ddc |c BK |n 0 | ||
| 952 | |0 0 |1 0 |2 ddc |4 0 |6 340_540000000000000_PER_2001 |7 0 |8 C_AGB |9 583981 |a BIBDER |b BIBDER |d 2022-06-23 |e Donación |i 5652056 |o 340.54 PER 2001 |p 5652056 |r 2023-01-25 |t 1 |w 2022-06-23 |y BK_US |k AGB | ||